Творчество юных - шаг в успешное будущее: материалы VII Всероссийской научной студенческой конференции с элементами научной школы имени профессора М.К. Коровина, г. Томск, 10-14 ноября 2014 г.

Bibliografiske detaljer
Corporate Authors: Творчество юных - шаг в успешное будущее конференция, Национальный исследовательский Томский политехнический университет (ТПУ)
Andre forfattere: Дмитриев А. Ю. Андрей Юрьевич (редактор)
Summary:Заглавие с экрана
В сборнике отражены проблемы рождения океанов и их роль в развитии Земли, влияние воды на глобальную эволюцию, ее роль в развитии жизни и планеты Земля, в формировании минеральных ресурсов, вопросы освоения и изучения океанов, новейшие системы, техника и технологии для подводных исследований, морская геология и современные морские технологии, северные моря Арктики и Антарктиды, влияние арктических льдов на развитие планеты Земля, освоение шельфа Арктики, будущее человечества и планеты в условиях дефицита пресной воды на планете Земля. Публикация материалов конференции осуществляется при информационной поддержке Министерства образования и науки РФ (Роснаука) и при поддержке Российского фонда фундаментальных исследований РФ.
Sprog:russisk
Udgivet: Томск, Изд-во ТПУ, 2014
Fag:
Online adgang:http://www.lib.tpu.ru/fulltext/c/2015/C66/C66.pdf
Format: Electronisk Bog
KOHA link:https://koha.lib.tpu.ru/cgi-bin/koha/opac-detail.pl?biblionumber=612260

MARC

LEADER 00000nam0a2200000 4500
001 612260
005 20231102023342.0
035 |a (RuTPU)RU\TPU\conf\10372 
090 |a 612260 
100 |a 20150603d2014 k y0rusy50 ca 
101 0 |a rus 
102 |a RU 
105 |a y z 101zy 
135 |a drcn ---uucaa 
181 0 |a i  
182 0 |a b 
200 1 |a Творчество юных - шаг в успешное будущее  |e материалы VII Всероссийской научной студенческой конференции с элементами научной школы имени профессора М.К. Коровина, г. Томск, 10-14 ноября 2014 г.  |f Национальный исследовательский Томский политехнический университет (ТПУ) ; под ред. А. Ю. Дмитриева 
203 |a Текст  |c электронный 
210 |a Томск  |c Изд-во ТПУ  |d 2014 
230 |a 1 компьютерный файл (pdf; 16 MB) 
300 |a Заглавие с экрана 
330 |a В сборнике отражены проблемы рождения океанов и их роль в развитии Земли, влияние воды на глобальную эволюцию, ее роль в развитии жизни и планеты Земля, в формировании минеральных ресурсов, вопросы освоения и изучения океанов, новейшие системы, техника и технологии для подводных исследований, морская геология и современные морские технологии, северные моря Арктики и Антарктиды, влияние арктических льдов на развитие планеты Земля, освоение шельфа Арктики, будущее человечества и планеты в условиях дефицита пресной воды на планете Земля. Публикация материалов конференции осуществляется при информационной поддержке Министерства образования и науки РФ (Роснаука) и при поддержке Российского фонда фундаментальных исследований РФ. 
337 |a Adobe Reader 
606 1 |a Океаны  |x Геология  |2 stltpush  |3 (RuTPU)RU\TPU\subj\46871  |9 65964 
610 1 |a электронный ресурс 
610 1 |a труды учёных ТПУ 
610 1 |a материалы конференций 
610 1 |a планеты 
610 1 |a Земля 
610 1 |a строение 
610 1 |a геологическое развитие 
610 1 |a континенты 
610 1 |a цивилизации 
610 1 |a экология 
610 1 |a будущее 
610 1 |a человечество 
610 1 |a рождение 
610 1 |a развитие 
610 1 |a человек 
610 1 |a океаны 
610 1 |a моря 
610 1 |a подводные исследования 
610 1 |a морская геология 
675 |a 551.35(063)  |v 3 
702 1 |a Дмитриев  |b А. Ю.  |c специалист в области нефтегазового дела  |c доцент, проректор-директор Томского политехнического университета, кандидат технических наук  |f 1972-  |g Андрей Юрьевич  |2 stltpush  |3 (RuTPU)RU\TPU\pers\24766  |4 340 
712 1 2 |a Творчество юных - шаг в успешное будущее  |b конференция  |d 7  |e Томск  |f 2014 
712 0 2 |a Национальный исследовательский Томский политехнический университет (ТПУ)  |c (2009- )  |2 stltpush  |3 (RuTPU)RU\TPU\col\15902 
801 2 |a RU  |b 63413507  |c 20220805  |g RCR 
856 4 |u http://www.lib.tpu.ru/fulltext/c/2015/C66/C66.pdf 
942 |c BK